[Event "European Women's Championship"]
[Site "Vysoke Tatry"]
[Date "2018.04.08"]
[Round "1"]
[White "Azimova, Karina"]
[Black "Rapport, Jovana"]
[Result "0-1"]
[Board "59"]
[WhiteElo "2069"]
[WhiteTitle "WFM"]
[WhiteCountry "RUS"]
[WhiteFideId "4108310"]
[WhiteEloChange "-4"]
[BlackElo "2328"]
[BlackTitle "WGM"]
[BlackCountry "SRB"]
[BlackFideId "937266"]
[BlackEloChange "4"]

1. e4 {[%clk 1:30:56]} c6 {[%clk 1:30:49]} 2. d4 {[%clk 1:31:18]} d5 {[%clk
1:31:12]} 3. exd5 {[%clk 1:31:28]} cxd5 {[%clk 1:31:35]} 4. Bd3 {[%clk 1:31:27]}
Nc6 {[%clk 1:31:49]} 5. c3 {[%clk 1:31:42]} Nf6 {[%clk 1:32:02]} 6. h3 {[%clk
1:31:13]} e5 {[%clk 1:31:57]} 7. dxe5 {[%clk 1:30:41]} Nxe5 {[%clk 1:31:36]} 8.
Be2 {[%clk 1:14:17]} Bd6 {[%clk 1:24:47]} 9. Nd2 {[%clk 1:07:15]} O-O {[%clk
1:24:33]} 10. Ngf3 {[%clk 1:07:17]} Ng6 {[%clk 1:21:42]} 11. Nb3 {[%clk 1:01:53]}
Ne4 {[%clk 1:15:57]} 12. O-O {[%clk 0:55:40]} Nf4 {[%clk 1:11:25]} 13. Bxf4
{[%clk 0:53:53]} Bxf4 {[%clk 1:11:08]} 14. Qd4 {[%clk 0:51:59]} Bc7 {[%clk
1:07:02]} 15. Rad1 {[%clk 0:49:30]} Qe7 {[%clk 1:06:08]} 16. Bd3 {[%clk 0:42:26]}
Rd8 {[%clk 1:01:36]} 17. Qe3 {[%clk 0:36:58]} Rd6 {[%clk 0:50:34]} 18. Rfe1
{[%clk 0:28:17]} Rg6 {[%clk 0:39:15]} 19. Kh1 {[%clk 0:23:58]} f5 {[%clk
0:37:51]} 20. Bf1 {[%clk 0:22:40]} Be6 {[%clk 0:35:52]} 21. Nbd4 {[%clk 0:21:57]}
Re8 {[%clk 0:30:27]} 22. Bb5 {[%clk 0:17:52]} Bd7 {[%clk 0:24:10]} 23. Kg1 {[%clk
0:14:33]} f4 {[%clk 0:20:44]} 24. Qc1 {[%clk 0:14:55]} Bxh3 {[%clk 0:21:03]} 25.
Bf1 {[%clk 0:15:16]} Bg4 {[%clk 0:17:29]} 26. c4 {[%clk 0:13:39]} Bxf3 {[%clk
0:15:41]} 27. Nxf3 {[%clk 0:14:02]} Bb6 {[%clk 0:16:07]} 28. Re2 {[%clk 0:12:46]}
dxc4 {[%clk 0:04:14]} 29. Qxc4+ {[%clk 0:09:57]} Kh8 {[%clk 0:04:38]} 30. Rde1
{[%clk 0:09:42]} Re6 {[%clk 0:04:58]} 31. Qc2 {[%clk 0:01:44]} h6 {[%clk
0:04:32]} 32. Rd1 {[%clk 0:01:44]} Qf7 {[%clk 0:03:58]} 33. Nd4 {[%clk 0:01:34]}
R6e7 {[%clk 0:03:11]} 34. Ree1 {[%clk 0:01:32]} Qf6 {[%clk 0:02:48]} 35. Bd3
{[%clk 0:01:22]} Qxd4 {[%clk 0:00:38]} 36. Bxe4 {[%clk 0:01:35]} Rxe4 {[%clk
0:00:35]} 37. Rxd4 {[%clk 0:01:15]} Rxe1+ {[%clk 0:01:02]} 38. Kh2 {[%clk
0:01:43]} Bxd4 {[%clk 0:01:28]} 39. Qc7 {[%clk 0:01:32]} R1e7 {[%clk 0:01:31]}
40. Qc2 {[%clk 0:31:38]} f3 {[%clk 0:30:56]} 0-1

[Event "European Women's Championship"]
[Site "Vysoke Tatry"]
[Date "2018.04.08"]
[Round "1"]
[White "Cibickova, Zuzana"]
[Black "Ferkova, Dominika"]
[Result "1/2-1/2"]
[Board "60"]
[WhiteElo "2327"]
[WhiteTitle "WGM"]
[WhiteCountry "SVK"]
[WhiteFideId "14905779"]
[WhiteEloChange "-6"]
[BlackElo "2068"]
[BlackCountry "SVK"]
[BlackFideId "14933071"]
[BlackEloChange "6"]

1. e4 {[%clk 1:30:25]} c6 {[%clk 1:30:50]} 2. d4 {[%clk 1:30:03]} d5 {[%clk
1:31:12]} 3. e5 {[%clk 1:30:28]} Bf5 {[%clk 1:31:33]} 4. h4 {[%clk 1:30:47]} h5
{[%clk 1:31:52]} 5. Bd3 {[%clk 1:31:12]} Bxd3 {[%clk 1:32:14]} 6. Qxd3 {[%clk
1:31:38]} e6 {[%clk 1:32:31]} 7. Bg5 {[%clk 1:32:00]} Qb6 {[%clk 1:29:55]} 8. Nd2
{[%clk 1:32:24]} c5 {[%clk 1:28:49]} 9. c4 {[%clk 1:32:46]} Nc6 {[%clk 1:15:37]}
10. Ngf3 {[%clk 1:33:08]} cxd4 {[%clk 1:08:39]} 11. O-O {[%clk 1:33:22]} Nge7
{[%clk 1:00:35]} 12. a3 {[%clk 1:33:13]} Qc7 {[%clk 0:53:08]} 13. Rfe1 {[%clk
1:20:15]} dxc4 {[%clk 0:49:11]} 14. Nxc4 {[%clk 1:12:57]} Nf5 {[%clk 0:46:45]}
15. b4 {[%clk 1:09:13]} a6 {[%clk 0:41:33]} 16. Rac1 {[%clk 1:01:17]} Be7 {[%clk
0:28:50]} 17. Na5 {[%clk 0:59:15]} Bxg5 {[%clk 0:27:30]} 18. Nxg5 {[%clk
0:38:36]} Qd7 {[%clk 0:21:52]} 19. Nxc6 {[%clk 0:27:52]} bxc6 {[%clk 0:22:12]}
20. Qe4 {[%clk 0:27:23]} Qd5 {[%clk 0:17:12]} 21. Rxc6 {[%clk 0:23:58]} Qxe4
{[%clk 0:17:30]} 22. Nxe4 {[%clk 0:22:37]} Kd7 {[%clk 0:11:17]} 23. Rec1 {[%clk
0:15:22]} Rhc8 {[%clk 0:11:16]} 24. Rxc8 {[%clk 0:15:13]} Rxc8 {[%clk 0:11:45]}
25. Rxc8 {[%clk 0:15:36]} Kxc8 {[%clk 0:12:13]} 26. g3 {[%clk 0:14:25]} d3 {[%clk
0:11:28]} 27. Kf1 {[%clk 0:14:36]} Nd4 {[%clk 0:11:38]} 28. f4 {[%clk 0:08:52]}
Nc2 {[%clk 0:11:47]} 29. Nc5 {[%clk 0:05:19]} Nxa3 {[%clk 0:09:30]} 30. Nxa6
{[%clk 0:03:23]} Nc2 {[%clk 0:09:55]} 31. b5 {[%clk 0:02:11]} Nd4 {[%clk
0:07:04]} 32. Ke1 {[%clk 0:02:21]} Nxb5 {[%clk 0:07:24]} 33. Nc5 {[%clk 0:02:32]}
Nd4 {[%clk 0:06:04]} 1/2-1/2

[Event "European Women's Championship"]
[Site "Vysoke Tatry"]
[Date "2018.04.08"]
[Round "1"]
[White "Trippold, Denise"]
[Black "Klek, Hanna Marie"]
[Result "1-0"]
[Board "61"]
[WhiteElo "2067"]
[WhiteTitle "WFM"]
[WhiteCountry "AUT"]
[WhiteFideId "1625594"]
[WhiteEloChange "16"]
[BlackElo "2327"]
[BlackTitle "WGM"]
[BlackCountry "GER"]
[BlackFideId "24670057"]
[BlackEloChange "-16"]

1. c4 {[%clk 1:30:57]} e6 {[%clk 1:30:30]} 2. g3 {[%clk 1:31:04]} d5 {[%clk
1:30:54]} 3. Bg2 {[%clk 1:30:22]} Nf6 {[%clk 1:31:16]} 4. Nf3 {[%clk 1:30:29]}
dxc4 {[%clk 1:31:25]} 5. Qa4+ {[%clk 1:30:18]} Nbd7 {[%clk 1:31:29]} 6. Qxc4
{[%clk 1:30:13]} a6 {[%clk 1:31:51]} 7. Qb3 {[%clk 1:26:55]} Bd6 {[%clk 1:28:17]}
8. O-O {[%clk 1:25:01]} O-O {[%clk 1:28:25]} 9. d4 {[%clk 1:23:42]} c5 {[%clk
1:24:44]} 10. Rd1 {[%clk 1:19:37]} Qe7 {[%clk 1:24:18]} 11. Nc3 {[%clk 1:18:37]}
Rd8 {[%clk 1:22:56]} 12. e4 {[%clk 1:14:14]} cxd4 {[%clk 1:20:58]} 13. Nxd4
{[%clk 1:13:46]} Bc5 {[%clk 1:17:20]} 14. h3 {[%clk 1:09:08]} Ne5 {[%clk
1:12:14]} 15. Be3 {[%clk 0:59:23]} b5 {[%clk 1:07:06]} 16. Nf5 {[%clk 0:50:57]}
exf5 {[%clk 1:06:21]} 17. Bxc5 {[%clk 0:50:54]} Qc7 {[%clk 1:02:02]} 18. Rxd8+
{[%clk 0:48:48]} Qxd8 {[%clk 1:02:28]} 19. exf5 {[%clk 0:44:02]} Bxf5 {[%clk
1:01:24]} 20. Rd1 {[%clk 0:41:23]} Nd3 {[%clk 0:52:39]} 21. Be3 {[%clk 0:25:31]}
Rc8 {[%clk 0:47:57]} 22. Nd5 {[%clk 0:24:12]} Nxd5 {[%clk 0:41:31]} 23. Bxd5
{[%clk 0:24:24]} Qd7 {[%clk 0:35:20]} 24. Bg2 {[%clk 0:19:16]} Rd8 {[%clk
0:31:37]} 25. Bg5 {[%clk 0:17:11]} Re8 {[%clk 0:30:27]} 26. Be3 {[%clk 0:15:11]}
Qd6 {[%clk 0:25:24]} 27. Kh2 {[%clk 0:12:30]} h6 {[%clk 0:24:41]} 28. Bf1 {[%clk
0:11:47]} Rd8 {[%clk 0:24:23]} 29. a4 {[%clk 0:08:33]} bxa4 {[%clk 0:18:06]} 30.
Qxa4 {[%clk 0:09:00]} Qf6 {[%clk 0:17:11]} 31. Qa3 {[%clk 0:07:48]} Be4 {[%clk
0:10:33]} 32. Be2 {[%clk 0:05:12]} Qf5 {[%clk 0:07:32]} 33. f3 {[%clk 0:01:39]}
Qh5 {[%clk 0:07:41]} 34. Qe7 {[%clk 0:01:27]} Rb8 {[%clk 0:03:21]} 35. Qxe4
{[%clk 0:01:56]} Nxb2 {[%clk 0:03:20]} 36. Rb1 {[%clk 0:01:44]} Qa5 {[%clk
0:02:41]} 37. Bd3 {[%clk 0:01:34]} Qa2 {[%clk 0:01:10]} 38. Kh1 {[%clk 0:01:05]}
Rd8 {[%clk 0:00:55]} 39. Bc2 {[%clk 0:00:58]} g6 {[%clk 0:00:43]} 40. Bd4 {[%clk
0:30:45]} Nc4 {[%clk 0:30:53]} 41. Ra1 {[%clk 0:28:51]} 1-0

[Event "European Women's Championship"]
[Site "Vysoke Tatry"]
[Date "2018.04.08"]
[Round "1"]
[White "Charochkina, Daria"]
[Black "Palma, Maria"]
[Result "1-0"]
[Board "62"]
[WhiteElo "2326"]
[WhiteTitle "IM"]
[WhiteCountry "RUS"]
[WhiteFideId "4180917"]
[WhiteEloChange "4"]
[BlackElo "2060"]
[BlackTitle "WFM"]
[BlackCountry "ITA"]
[BlackFideId "898481"]
[BlackEloChange "-4"]

1. c4 {[%clk 1:30:57]} Nf6 {[%clk 1:30:32]} 2. Nc3 {[%clk 1:31:21]} c5 {[%clk
1:30:41]} 3. Nf3 {[%clk 1:31:46]} d5 {[%clk 1:28:23]} 4. cxd5 {[%clk 1:24:01]}
Nxd5 {[%clk 1:28:42]} 5. Qa4+ {[%clk 1:24:29]} Nc6 {[%clk 1:22:41]} 6. Ne5 {[%clk
1:23:44]} Nb4 {[%clk 1:07:41]} 7. a3 {[%clk 1:14:22]} Nc2+ {[%clk 1:06:06]} 8.
Qxc2 {[%clk 1:14:36]} Nxe5 {[%clk 1:06:29]} 9. g3 {[%clk 1:05:12]} Bd7 {[%clk
0:57:35]} 10. Bg2 {[%clk 0:59:59]} Bc6 {[%clk 0:53:14]} 11. O-O {[%clk 1:00:17]}
Bxg2 {[%clk 0:49:31]} 12. Kxg2 {[%clk 1:00:40]} e6 {[%clk 0:47:42]} 13. Qe4
{[%clk 1:00:50]} Nc6 {[%clk 0:47:27]} 14. d3 {[%clk 1:01:16]} Be7 {[%clk
0:43:34]} 15. Be3 {[%clk 1:01:40]} Rc8 {[%clk 0:41:54]} 16. Rac1 {[%clk 0:46:39]}
O-O {[%clk 0:37:33]} 17. Rfd1 {[%clk 0:44:48]} e5 {[%clk 0:33:18]} 18. Nd5 {[%clk
0:32:58]} b6 {[%clk 0:31:18]} 19. d4 {[%clk 0:22:34]} exd4 {[%clk 0:25:47]} 20.
Bxd4 {[%clk 0:22:29]} Bg5 {[%clk 0:21:55]} 21. Bc3 {[%clk 0:18:18]} Bxc1 {[%clk
0:08:42]} 22. Nf6+ {[%clk 0:18:36]} gxf6 {[%clk 0:08:38]} 23. Rxd8 {[%clk
0:16:33]} Rfxd8 {[%clk 0:07:30]} 24. Bxf6 {[%clk 0:15:36]} Kf8 {[%clk 0:03:29]}
25. Qxh7 {[%clk 0:15:40]} Ke8 {[%clk 0:02:44]} 26. Qg8+ {[%clk 0:15:41]} Kd7
{[%clk 0:03:06]} 27. Qxf7+ {[%clk 0:16:08]} Kd6 {[%clk 0:02:41]} 28. Qc4 {[%clk
0:05:50]} Bh6 {[%clk 0:01:35]} 29. Qd3+ {[%clk 0:05:58]} 1-0

[Event "European Women's Championship"]
[Site "Vysoke Tatry"]
[Date "2018.04.08"]
[Round "1"]
[White "Milcova, Zuzana"]
[Black "Tomilova, Elena"]
[Result "1/2-1/2"]
[Board "63"]
[WhiteElo "2033"]
[WhiteCountry "SVK"]
[WhiteFideId "14920026"]
[WhiteEloChange "7"]
[BlackElo "2326"]
[BlackTitle "WIM"]
[BlackCountry "RUS"]
[BlackFideId "4162340"]
[BlackEloChange "-7"]

1. d4 {[%clk 1:30:57]} d5 {[%clk 1:30:46]} 2. Nf3 {[%clk 1:31:19]} Nf6 {[%clk
1:31:06]} 3. Bf4 {[%clk 1:31:38]} c5 {[%clk 1:31:31]} 4. c3 {[%clk 1:31:47]} Nc6
{[%clk 1:29:57]} 5. e3 {[%clk 1:31:36]} Qb6 {[%clk 1:30:16]} 6. Qb3 {[%clk
1:28:48]} c4 {[%clk 1:30:29]} 7. Qxb6 {[%clk 1:27:56]} axb6 {[%clk 1:30:55]} 8.
Nbd2 {[%clk 1:22:35]} b5 {[%clk 1:31:12]} 9. Be2 {[%clk 1:18:00]} e6 {[%clk
1:29:09]} 10. O-O {[%clk 1:15:33]} b4 {[%clk 1:27:56]} 11. cxb4 {[%clk 1:07:31]}
Bxb4 {[%clk 1:28:12]} 12. a3 {[%clk 1:07:22]} Be7 {[%clk 1:28:27]} 13. Ne5 {[%clk
1:01:02]} Nxe5 {[%clk 1:23:44]} 14. Bxe5 {[%clk 1:00:41]} b5 {[%clk 1:23:38]} 15.
Bf3 {[%clk 0:53:06]} Bb7 {[%clk 1:15:12]} 16. Rac1 {[%clk 0:39:34]} O-O {[%clk
1:13:28]} 17. Rfe1 {[%clk 0:29:13]} Nd7 {[%clk 1:12:19]} 18. Bg3 {[%clk 0:27:26]}
f5 {[%clk 1:09:04]} 19. Nb1 {[%clk 0:16:33]} Bc6 {[%clk 1:05:46]} 20. Be2 {[%clk
0:09:59]} Nb6 {[%clk 1:04:27]} 21. f3 {[%clk 0:05:46]} Bd7 {[%clk 0:59:57]} 22.
Nc3 {[%clk 0:03:44]} b4 {[%clk 0:54:35]} 23. axb4 {[%clk 0:03:04]} Bxb4 {[%clk
0:55:00]} 24. Bd1 {[%clk 0:02:35]} Bxc3 {[%clk 0:42:27]} 25. bxc3 {[%clk
0:02:42]} Ra2 {[%clk 0:41:39]} 26. Bd6 {[%clk 0:02:18]} Rfa8 {[%clk 0:41:42]} 27.
Bc5 {[%clk 0:01:46]} Na4 {[%clk 0:40:47]} 28. Bxa4 {[%clk 0:01:52]} R8xa4 {[%clk
0:41:02]} 29. Kf1 {[%clk 0:01:55]} g5 {[%clk 0:37:48]} 30. Re2 {[%clk 0:01:37]}
Rxe2 {[%clk 0:37:55]} 31. Kxe2 {[%clk 0:02:05]} Ra2+ {[%clk 0:38:20]} 32. Kf1
{[%clk 0:02:18]} Ba4 {[%clk 0:38:40]} 33. Re1 {[%clk 0:01:15]} Bc2 {[%clk
0:38:01]} 34. h3 {[%clk 0:00:59]} Bd3+ {[%clk 0:37:53]} 35. Kg1 {[%clk 0:01:24]}
Kf7 {[%clk 0:37:48]} 36. Kh2 {[%clk 0:00:47]} h5 {[%clk 0:38:01]} 37. Bd6 {[%clk
0:00:52]} h4 {[%clk 0:37:06]} 38. Bc7 {[%clk 0:01:03]} Kg6 {[%clk 0:37:15]} 39.
Bd6 {[%clk 0:00:39]} Rc2 {[%clk 0:36:07]} 40. Bb4 {[%clk 0:30:45]} Kh5 {[%clk
0:58:17]} 41. Ra1 {[%clk 0:20:29]} Re2 {[%clk 0:56:36]} 42. Ra8 {[%clk 0:14:33]}
Rxe3 {[%clk 0:56:24]} 43. Bd6 {[%clk 0:07:35]} Bc2 {[%clk 0:54:01]} 44. Be5
{[%clk 0:05:51]} Rxc3 {[%clk 0:51:15]} 45. Re8 {[%clk 0:03:39]} g4 {[%clk
0:40:58]} 46. hxg4+ {[%clk 0:02:26]} fxg4 {[%clk 0:41:10]} 47. Rh8+ {[%clk
0:00:40]} Kg5 {[%clk 0:41:28]} 48. fxg4 {[%clk 0:00:36]} Bg6 {[%clk 0:41:28]} 49.
Rg8 {[%clk 0:00:35]} Rd3 {[%clk 0:39:49]} 50. Bd6 {[%clk 0:00:36]} c3 {[%clk
0:28:11]} 51. Be7+ {[%clk 0:01:01]} Kf4 {[%clk 0:27:33]} 52. Rxg6 {[%clk
0:01:11]} c2 {[%clk 0:27:58]} 53. Bg5+ {[%clk 0:01:05]} Kxg4 {[%clk 0:28:10]} 54.
Bh6+ {[%clk 0:00:36]} Kf5 {[%clk 0:28:00]} 55. Rg5+ {[%clk 0:00:42]} Kf6 {[%clk
0:27:10]} 56. Rg4 {[%clk 0:00:36]} Rd1 {[%clk 0:26:12]} 57. Rxh4 {[%clk 0:00:41]}
c1Q {[%clk 0:26:31]} 58. Bxc1 {[%clk 0:01:04]} Rxc1 {[%clk 0:27:00]} 59. Rf4+
{[%clk 0:00:56]} Kg5 {[%clk 0:27:04]} 60. g3 {[%clk 0:00:40]} Rc2+ {[%clk
0:26:57]} 61. Kg1 {[%clk 0:00:53]} Re2 {[%clk 0:26:52]} 62. Kf1 {[%clk 0:00:47]}
Rc2 {[%clk 0:26:51]} 63. Kg1 {[%clk 0:00:35]} Kg6 {[%clk 0:26:04]} 64. Kf1 {[%clk
0:00:54]} Rh2 {[%clk 0:26:23]} 65. Kg1 {[%clk 0:01:03]} Rh5 {[%clk 0:26:33]} 66.
Kg2 {[%clk 0:00:51]} Rh7 {[%clk 0:26:45]} 67. Kf3 {[%clk 0:00:41]} Re7 {[%clk
0:27:00]} 68. Rg4+ {[%clk 0:00:46]} Kf7 {[%clk 0:27:15]} 69. Kf4 {[%clk 0:00:43]}
Kf6 {[%clk 0:27:28]} 70. Rh4 {[%clk 0:00:45]} Rf7 {[%clk 0:27:41]} 71. g4 {[%clk
0:00:35]} e5+ {[%clk 0:27:04]} 72. dxe5+ {[%clk 0:00:50]} Ke6+ {[%clk 0:27:31]}
73. Ke3 {[%clk 0:00:54]} Kxe5 {[%clk 0:27:55]} 74. Rh5+ {[%clk 0:01:18]} Ke6
{[%clk 0:27:47]} 75. Rh6+ {[%clk 0:01:34]} 1/2-1/2

[Event "European Women's Championship"]
[Site "Vysoke Tatry"]
[Date "2018.04.08"]
[Round "1"]
[White "Theissl Pokorna, Regina"]
[Black "Trisha Kanyamarala"]
[Result "1-0"]
[Board "64"]
[WhiteElo "2320"]
[WhiteTitle "WGM"]
[WhiteCountry "AUT"]
[WhiteFideId "14902052"]
[WhiteEloChange "3"]
[BlackElo "2031"]
[BlackCountry "IRL"]
[BlackFideId "45004722"]
[BlackEloChange "-3"]

1. e4 {[%clk 1:30:56]} c6 {[%clk 1:30:46]} 2. d4 {[%clk 1:31:22]} d5 {[%clk
1:31:05]} 3. exd5 {[%clk 1:31:47]} cxd5 {[%clk 1:31:26]} 4. c4 {[%clk 1:32:13]}
Nf6 {[%clk 1:31:13]} 5. Nc3 {[%clk 1:32:38]} Nc6 {[%clk 1:30:44]} 6. Bg5 {[%clk
1:32:14]} e6 {[%clk 1:23:21]} 7. Nf3 {[%clk 1:32:20]} Be7 {[%clk 1:23:08]} 8. c5
{[%clk 1:29:53]} O-O {[%clk 1:22:03]} 9. Bb5 {[%clk 1:29:56]} Ne4 {[%clk
1:18:50]} 10. Bxe7 {[%clk 1:30:17]} Nxe7 {[%clk 1:18:36]} 11. Rc1 {[%clk
1:29:13]} Bd7 {[%clk 1:04:56]} 12. Bd3 {[%clk 1:25:23]} f5 {[%clk 0:55:37]} 13.
O-O {[%clk 1:25:40]} Nc6 {[%clk 0:49:02]} 14. a3 {[%clk 1:15:55]} Be8 {[%clk
0:42:57]} 15. Be2 {[%clk 0:58:21]} Qf6 {[%clk 0:34:56]} 16. Qd3 {[%clk 0:50:49]}
g5 {[%clk 0:27:46]} 17. Rcd1 {[%clk 0:36:57]} Bg6 {[%clk 0:22:44]} 18. Ne1 {[%clk
0:27:47]} f4 {[%clk 0:18:14]} 19. Nxe4 {[%clk 0:28:08]} dxe4 {[%clk 0:18:34]} 20.
Qc3 {[%clk 0:28:34]} Rad8 {[%clk 0:17:27]} 21. Bc4 {[%clk 0:25:51]} Rfe8 {[%clk
0:13:54]} 22. Nc2 {[%clk 0:24:20]} Kg7 {[%clk 0:02:27]} 23. b4 {[%clk 0:06:58]}
Ne7 {[%clk 0:01:09]} 24. b5 {[%clk 0:06:13]} Rc8 {[%clk 0:00:53]} 25. Qb3 {[%clk
0:04:15]} Nf5 {[%clk 0:00:37]} 26. Rfe1 {[%clk 0:04:35]} e5 {[%clk 0:00:34]} 27.
dxe5 {[%clk 0:03:03]} Qxe5 {[%clk 0:00:36]} 28. Rd5 {[%clk 0:02:52]} Qe7 {[%clk
0:00:48]} 29. c6 {[%clk 0:02:53]} bxc6 {[%clk 0:00:41]} 30. bxc6 {[%clk 0:03:22]}
Rc7 {[%clk 0:00:35]} 31. Qc3+ {[%clk 0:03:29]} Qf6 {[%clk 0:00:45]} 32. Rd7+
{[%clk 0:03:15]} Rxd7 {[%clk 0:00:53]} 33. Qxf6+ {[%clk 0:03:40]} Kxf6 {[%clk
0:01:17]} 34. cxd7 {[%clk 0:04:08]} Rd8 {[%clk 0:01:38]} 35. Rd1 {[%clk 0:03:41]}
Ke7 {[%clk 0:01:48]} 36. Bb5 {[%clk 0:02:16]} Bf7 {[%clk 0:00:37]} 37. Nb4 {[%clk
0:02:34]} a6 {[%clk 0:00:32]} 38. Nc6+ {[%clk 0:02:56]} Kf8 {[%clk 0:00:55]} 39.
Nxd8 {[%clk 0:03:22]} axb5 {[%clk 0:01:20]} 40. Nxf7 {[%clk 0:33:49]} 1-0

[Event "European Women's Championship"]
[Site "Vysoke Tatry"]
[Date "2018.04.08"]
[Round "1"]
[White "Nemcova, Karin"]
[Black "Kulon, Klaudia"]
[Result "0-1"]
[Board "65"]
[WhiteElo "1992"]
[WhiteCountry "CZE"]
[WhiteFideId "360821"]
[WhiteEloChange "-3"]
[BlackElo "2319"]
[BlackTitle "WGM"]
[BlackCountry "POL"]
[BlackFideId "1131044"]
[BlackEloChange "3"]

1. e4 {[%clk 1:30:58]} e5 {[%clk 1:30:55]} 2. Nf3 {[%clk 1:31:20]} Nc6 {[%clk
1:31:22]} 3. d4 {[%clk 1:31:39]} exd4 {[%clk 1:31:47]} 4. Nxd4 {[%clk 1:32:00]}
Nf6 {[%clk 1:32:13]} 5. Nxc6 {[%clk 1:32:19]} bxc6 {[%clk 1:32:37]} 6. Qe2 {[%clk
1:32:37]} Qe7 {[%clk 1:32:32]} 7. Nc3 {[%clk 1:32:54]} g6 {[%clk 1:29:35]} 8. Bg5
{[%clk 1:30:17]} h6 {[%clk 1:25:25]} 9. Bh4 {[%clk 1:28:43]} Qe6 {[%clk 1:21:27]}
10. a3 {[%clk 1:25:04]} Bg7 {[%clk 1:15:13]} 11. f3 {[%clk 1:16:48]} O-O {[%clk
1:13:14]} 12. O-O-O {[%clk 1:14:33]} d6 {[%clk 1:02:40]} 13. g4 {[%clk 1:05:04]}
Rb8 {[%clk 1:01:18]} 14. Qd2 {[%clk 1:03:27]} Nd7 {[%clk 0:59:55]} 15. Bf2 {[%clk
1:01:57]} c5 {[%clk 0:59:00]} 16. Kb1 {[%clk 0:59:51]} Qf6 {[%clk 0:57:09]} 17.
Ka1 {[%clk 0:57:12]} Qxf3 {[%clk 0:54:41]} 18. Bd3 {[%clk 0:55:23]} Ne5 {[%clk
0:50:55]} 19. Rdf1 {[%clk 0:48:14]} Qxg4 {[%clk 0:50:22]} 20. Be3 {[%clk
0:44:38]} Kh7 {[%clk 0:49:15]} 21. Rf4 {[%clk 0:35:42]} Qe6 {[%clk 0:47:50]} 22.
Rhf1 {[%clk 0:34:15]} Rb6 {[%clk 0:35:31]} 23. Na4 {[%clk 0:18:38]} Nxd3 {[%clk
0:34:09]} 24. cxd3 {[%clk 0:17:32]} Rb3 {[%clk 0:33:21]} 25. d4 {[%clk 0:17:06]}
Qc4 {[%clk 0:33:38]} 26. Qc1 {[%clk 0:07:10]} Qxa4 {[%clk 0:32:52]} 27. Rxf7
{[%clk 0:07:12]} Rxf7 {[%clk 0:32:33]} 28. Rxf7 {[%clk 0:07:32]} Rxe3 {[%clk
0:32:12]} 29. Qxe3 {[%clk 0:07:08]} Qd1+ {[%clk 0:32:34]} 0-1

[Event "European Women's Championship"]
[Site "Vysoke Tatry"]
[Date "2018.04.08"]
[Round "1"]
[White "Babiy, Olga"]
[Black "Koloditsova, Renata"]
[Result "1-0"]
[Board "66"]
[WhiteElo "2318"]
[WhiteTitle "WGM"]
[WhiteCountry "UKR"]
[WhiteFideId "14117258"]
[WhiteEloChange "2"]
[BlackElo "1978"]
[BlackCountry "SVK"]
[BlackFideId "14927705"]
[BlackEloChange "-2"]

1. e4 {[%clk 1:30:57]} e6 {[%clk 1:30:50]} 2. d4 {[%clk 1:31:22]} d5 {[%clk
1:31:10]} 3. Nc3 {[%clk 1:31:45]} Nf6 {[%clk 1:31:27]} 4. e5 {[%clk 1:31:58]}
Nfd7 {[%clk 1:31:50]} 5. f4 {[%clk 1:32:13]} c5 {[%clk 1:31:54]} 6. Nf3 {[%clk
1:32:26]} Nc6 {[%clk 1:32:01]} 7. Be3 {[%clk 1:32:43]} Be7 {[%clk 1:32:14]} 8.
Qd2 {[%clk 1:32:44]} O-O {[%clk 1:32:11]} 9. dxc5 {[%clk 1:32:12]} Bxc5 {[%clk
1:32:24]} 10. O-O-O {[%clk 1:31:00]} Qa5 {[%clk 1:31:23]} 11. a3 {[%clk 1:29:32]}
a6 {[%clk 1:29:36]} 12. Bxc5 {[%clk 1:27:50]} Nxc5 {[%clk 1:29:26]} 13. Qe3
{[%clk 1:27:01]} Na4 {[%clk 1:27:47]} 14. Nxa4 {[%clk 1:18:58]} Qxa4 {[%clk
1:28:05]} 15. Bd3 {[%clk 1:19:05]} Bd7 {[%clk 1:10:41]} 16. Kb1 {[%clk 1:16:03]}
f5 {[%clk 0:59:22]} 17. exf6 {[%clk 1:15:10]} Rxf6 {[%clk 0:59:38]} 18. g3 {[%clk
1:14:50]} b5 {[%clk 0:53:19]} 19. c3 {[%clk 1:14:21]} Qa5 {[%clk 0:34:49]} 20. h4
{[%clk 1:10:47]} Qc7 {[%clk 0:33:51]} 21. Bc2 {[%clk 1:10:18]} Na5 {[%clk
0:16:09]} 22. h5 {[%clk 1:05:07]} Rc8 {[%clk 0:08:52]} 23. Qd3 {[%clk 1:04:32]}
Rh6 {[%clk 0:07:00]} 24. Ne5 {[%clk 1:02:30]} Be8 {[%clk 0:04:31]} 25. g4 {[%clk
1:00:17]} g6 {[%clk 0:00:34]} 26. hxg6 {[%clk 1:00:23]} Bxg6 {[%clk 0:00:43]} 27.
Nxg6 {[%clk 1:00:28]} Rxg6 {[%clk 0:01:07]} 28. f5 {[%clk 0:59:01]} Rg7 {[%clk
0:00:39]} 29. f6 {[%clk 0:58:32]} Rf7 {[%clk 0:00:59]} 30. g5 {[%clk 0:58:51]}
Qc4 {[%clk 0:00:33]} 31. Qh3 {[%clk 0:58:51]} 1-0